000 01031nam a2200265 a 4500
003 DO-SdBNP
005 20240715103629.0
007 ta
008 220922e2016 dr ao||gr|||| 001 0 spa d
040 _aDO-SdBNP
_bspa
_cBNPHU
082 4 _222
_bL579z
111 2 _aExposición Zonas Grises
_n(1:
_d2016:
_cCentro León, Santiago, República Dominicana)
_982420
245 1 0 _aZonas grises:
_bmatices de la urbe en la era global. arte contemporáneo colombiano y dominicano.
260 _aSantiago, República Dominicana:
_bSura,
_c2016
300 _a36 p. :
_bil., fotogr. ;
_c28 cm.
500 _aIncluye bibliogrfía y notas al pié de fotos.
590 _aInventariado 2022 / MF
650 4 _954101
_aArte Dominicano
_xExposiciones
650 4 _932932
_aArte Colombiano
_xExposiciones
650 4 _962230
_aArte Contemporáneo
_vExposiciones
_zColombia
650 4 _aArte Contemporáneo
_vExposiciones
_zRepública Dominicana
_982423
710 2 _aCentro Cultural Eduardo León Jimenes
_956909
910 _aMFeliz
942 _2ddc
_cLF2
999 _c52450
_d52450